Determinación del módulo de ruptura en mampostería sólida de arcilla
Αποθηκεύτηκε σε:
| Κύριος συγγραφέας: | |
|---|---|
| Άλλοι συγγραφείς: | |
| Μορφή: | Άγνωστο |
| Γλώσσα: | Spanish |
| Έκδοση: |
[San José ], Costa Rica
2020
|
| Θέματα: | |
| Ετικέτες: |
Προσθήκη ετικέτας
Δεν υπάρχουν, Καταχωρήστε ετικέτα πρώτοι!
|
MARC
| LEADER | 00000 a2200000 4500 | ||
|---|---|---|---|
| 003 | 013191 | ||
| 005 | 20230310103221.0 | ||
| 008 | 140114s2020 cr a 000 ||spa d | ||
| 040 | |c cru CEDI | ||
| 100 | |9 184 |a Matamoros Jiménez, Ana Carolina, 1996- | ||
| 245 | |a Determinación del módulo de ruptura en mampostería sólida de arcilla | ||
| 260 | |a [San José ], Costa Rica |c 2020 | ||
| 500 | |a Proyecto de graduación (licenciatura en ingeniería civil)--Universidad de Costa Rica. Facultad de Ingeniería. Escuela de Ingeniería Civil. | ||
| 501 | |a Director de Proyecto de Graduación: Ing. Alejandro Navas Carro, M.Sc. | ||
| 650 | |x RESISTENCIA DE MATERIALES |x ARCILLA |x RESISTENCIA A LA TRACCION |x ESFUERZO Y TENSION |x MAMPOSTERIA - COSTA RICA |x CODIGO SISMICO - COSTA RICA | ||
| 700 | |9 142 |a Navas Carro, Alejandro, 1967- |d Director del TFG | ||
| 942 | |c CEDI |h TFG 8341 |6 TFG_8341_000000000000000 | ||
| 999 | |c 12810 |d 12810 | ||
